00000000cas 2200000zi 4500
0019.910298
003CaOODSP
00520260618134635
006m     o  d f      
007cr cn ||||||||
008210414d20212021nucar p o    f0###a0iku|d
022 |a2816-3931
040 |aCaOODSP|bfre|erda|cCaOODSP
043 |an-cn---|ar------|at------
0861 |aR101-6Iku-PDF
222 0|aUkiuqtaqtumi qaujimaniq
24500|aUkiuqtaqtumi qaujimaniq : |bakhaliat unikkaanga.
24613|a[Aqhaliat rapport]
24630|aAkhaliat unikkaanga
264 1|a[Cambridge Bay, Nunavut, Canada] : |bPolar Knowledge Canada = Savoir polaire Canada, |c[2021]
310 |aAnnuel
336 |atexte|btxt|2rdacontent/fre
337 |ainformatique|bc|2rdamedia/fre
338 |aressource en ligne|bcr|2rdacarrier/fre
3621 |aParaît depuis : [2021]; ne paraît plus après : [2021].
500 |aPublié aussi en français sous le titre : Savoir polaire : aqhaliat rapport.
546 |aTexte en inuktitut.
588 |aDescription d'après : [2021].
588 |aDernière livraison consultée : [2021].
650 6|aRégions polaires|xRecherche|zCanada|vPériodiques.
655 7|aPériodiques|2rvmgf
7102 |aSavoir polaire Canada, |eorganisme de publication.
77508|tSavoir polaire : |w(CaOODSP)9.882040
77508|tUkiuqtaqtumi qauyihimanuarviat : |w(CaOODSP)9.910302
788 |tUkiuqtaqtumi qaujimaniq : |eeng|w(CaOODSP)9.910296